Statistics for Artists That Have Worked with JID

Click here to take the quiz!

General Stats

  • This quiz has been taken 25 times
  • The average score is 12 of 45

Answer Stats

Artist% Correct
J. Cole
90%
Earthgang
81%
Lil Wayne
76%
21 Savage
71%
Ari Lennox
71%
Kenny Mason
71%
Baby Tate
62%
Bas
57%
6LACK
48%
Lute
48%
Denzel Curry
43%
Imagine Dragons
43%
Sheck Wes
43%
Yasiin Bey
43%
Conway the Machine
38%
Ludacris
38%
Mereba
33%
ASAP Ferg
29%
Joey Badass
29%
T.I.
24%
Doja Cat
19%
Method Man
19%
Young Nudy
19%
John Legend
14%
Kid Cudi
14%
Mike Dimes
14%
Saba
14%
Dot Da Genius
10%
Johnta Austin
10%
Killer Mike
10%
Lil Yachty
10%
Ravyn Lenae
10%
Token
10%
Westside Boogie
10%
Boombox Cartel
5%
Ella Mai
5%
Jacquees
5%
Mick Jenkins
5%
A Boogie wit Da Hoodie
0%
Deante Hitchcock
0%
Grip
0%
James Blake
0%
Jessie Reyez
0%
Little Dragon
0%
SWAVAY
0%

Score Distribution

Percentile by Number Answered

Percent of People with Each Score

Your Score History

You have not taken this quiz